Nintendo Home Consoles Picture Quiz - Statistics

General Stats
  • This quiz has been taken 1,178 times
    277 since last reset
  • The average score is 8 of 8
Answer Stats
Picture Answer % Correct
Switch
98%
Wii
98%
Switch 2
97%
WiiU
97%
GameCube
95%
N64
94%
NES
93%
SNES
90%
No matching quizzes found
Score Distribution
Percent of People with Each Score
Percentile by Number Answered
Your Score History
You have not taken this quiz since the last reset